000 00702nam a22001937a 4500
005 20251108164100.0
008 250721s2011 xx 000 0 ara d
082 1 4 _a371.3/مهن
100 1 _aالمهنا، عبد الله مهنا
245 1 0 _aاستراتيجيات و أساليب تدريس مادة التربية الفنية للمراحل التعليمية المختلفة /
264 1 _aعمان :
_bدار حنين للنشر و التوزيع،
_c2011.
300 _a262ص.
650 1 7 _aالتربية الفنية
650 1 7 _aاساليب التدريس
650 1 7 _aالمناهج
700 1 _aالحداد، عبد الله عيسى
942 _2ddc
_cBK
999 _c3168
_d3168